एड्स जागरूकता / (Record no. 52564)

MARC details
000 -LEADER
fixed length control field 01430nam a22003017a 4500
005 - DATE AND TIME OF LATEST TRANSACTION
control field 20080918163843.0
008 - FIXED-LENGTH DATA ELEMENTS--GENERAL INFORMATION
fixed length control field 080918t xxu||||| |||| 00| 0 hin d
010 ## - LCCN (DPL NO)
LC control number HIN-92756
020 ## - INTERNATIONAL STANDARD BOOK NUMBER
Terms of availability 650.00
International Standard Book Number 9788184841015
035 ## - SYSTEM CONTROL NUMBER
System control number HN-65102
037 ## - SOURCE OF ACQUISITION
Source of stock number/acquisition DBAD / PUB
040 ## - CATALOGING SOURCE
Original cataloging agency DPL
Language of cataloging HN
082 ## - DEWEY DECIMAL CLASSIFICATION NUMBER
Classification number 362.1969792
100 ## - MAIN ENTRY--PERSONAL NAME
9 (RLIN) 747
Personal name जैन, कामिनी
245 ## - TITLE STATEMENT
Title एड्स जागरूकता /
Statement of responsibility, etc कामिनी जैन
260 ## - PUBLICATION, DISTRIBUTION, ETC. (IMPRINT)
Place of publication, distribution, etc नई दिल्ली
Name of publisher, distributor, etc रीगल पब्लिकेशन्स
Date of publication, distribution, etc 2011
270 ## - ADDRESS
Address एफ-159, राजौरी गार्डन
City नई दिल्ली
Postal code 110027
Electronic mail address regalbookspub@yahoo.com
Telephone number 45546396
300 ## - PHYSICAL DESCRIPTION
Extent xiv,160पृ.
Dimensions 22सेमी (सजिल्द)
Other physical details सचित्र
650 ## - SUBJECT ADDED ENTRY--TOPICAL TERM
9 (RLIN) 697
650 ## - SUBJECT ADDED ENTRY--TOPICAL TERM
9 (RLIN) 698
700 ## - ADDED ENTRY--PERSONAL NAME
9 (RLIN) 27881
700 ## - ADDED ENTRY--PERSONAL NAME
9 (RLIN) 27882
700 ## - ADDED ENTRY--PERSONAL NAME
9 (RLIN) 27883
942 ## - ADDED ENTRY ELEMENTS (KOHA)
Source of classification or shelving scheme Dewey Decimal Classification
Item type Hindi Books
Call number suffix जैनका
Classification part 362.1969792
Holdings
Withdrawn status Lost status Source of classification or shelving scheme Damaged status Not for loan Collection code Home library Current library Date acquired Source of acquisition Cost, normal purchase price Total Checkouts Full call number Barcode Date last seen Copy number Cost, replacement price Koha item type
    Dewey Decimal Classification   Not For Loan Non-fiction D.B.Act.Division D.B.Act.Division 24/05/2011 DBAD / PUB 650.00   362.1969792 जैनका HN-65102 24/05/2011 1 650.00 Hindi Books

© Delhi Public Library
Hit Counter
free hit counter